| 000 | 00541nam a2200169Ia 4500 | ||
|---|---|---|---|
| 999 |
_c22308 _d22308 |
||
| 003 | OSt | ||
| 005 | 20200518093618.0 | ||
| 008 | 190216s9999||||xx |||||||||||||| ||und|| | ||
| 040 | _coclc | ||
| 082 |
_a915.6 _bSHU/O |
||
| 100 |
_aShushtery, A M A _92384 |
||
| 245 | 0 |
_aOutlines Of Islamic Culture / _cA M A Shushtery |
|
| 260 |
_bThe Bangalore Printing & Pub Company, _c1992. _aBangalore: |
||
| 300 | _a490p | ||
| 650 | 0 |
_aHistory & geography _92271 _vIslamic History |
|
| 942 |
_cBK _2ddc _h915.6 _iSHU/O _k915.6 _mSHU/O |
||